000 00584cam a22001691 4500
082 _a355.3
_bCOL
_cD
100 1 _aCollins, G. R. N.
_949579
245 1 0 _aMilitary organization and administration,
_cby Major G. R. N. Collins.
260 _aLondon,
_bH. Rees,
_c1918.
300 _axxix, 414 p. incl. tables.
_bfold. plates.
_c19 cm.
500 _aLectures given before the Canadian Military School.
526 _a0
_b0
_c0
_d355_300000000000000_COL
650 0 _aMCE
_9379
650 0 _aMilitary administration.
_948621
650 0 _aMilitary art and science.
_937914
942 _2ddc
_cBK
999 _c552364
_d552364